000 00693nam a2200289Ia 4500
005 20260324145243.0
008 008 260324s9999 xx 000 0 eng d
020 _a9781315695112
037 _aEBOOK
040 _aCRL
040 _beng
040 _cCRL
041 _2eng
041 _aeng
084 _qCRL
100 _aNeil Caplan
_91156777
245 0 _aFutile Diplomacy, Volume 1
245 0 _bEarly Arab-Zionist Negotiation Attempts, 1913-1931
260 _bTaylor and Francis
260 _c1983
365 _a
365 _b230
856 _uhttp://www.taylorfrancis.com/books/9781315695112
942 _cEBOOK
999 _c1829953
_d1829953